[Event "XI Weekend A"]
[Site "Ceriano Laghetto ITA"]
[Date "2002.02.03"]
[Round "6"]
[White "Rettore, Ludwig"]
[Black "Qendro, Llambi"]
[Result "1/2-1/2"]
[WhiteElo "2169"]
[BlackElo "2337"]
[PlyCount "95"]
[EventDate "2002.01.26"]

1.e4 g6 2.d4 Bg7 3.Nc3 c6 4.Bc4 d6 5.Qf3 e6 6.Nge2 Nd7 7.Bb3 Qe7 8.O-O 
Ngf6 9.Bg5 h6 10.Bh4 e5 11.Rad1 O-O 12.Qd3 g5 13.Bg3 Nh5 14.dxe5 dxe5 15.
Qd6 Qxd6 16.Rxd6 Nc5 17.Bc4 Ne6 18.Rfd1 Re8 19.a3 Nhf4 20.f3 Bf8 21.R6d2 
b5 22.Ba2 a5 23.Nxf4 exf4 24.Bf2 b4 25.Na4 bxa3 26.bxa3 Bxa3 27.c3 Rb8 28.
Bc4 Be7 29.Kf1 Rd8 30.Rxd8+ Bxd8 31.Ba7 Ra8 32.Bb6 Bxb6 33.Nxb6 Rb8 34.
Nxc8 Rxc8 35.Rd6 Rc7 36.Bxe6 fxe6 37.Rd8+ Kf7 38.Ra8 Rb7 39.Rxa5 Ke7 40.h4
Rb5 41.Rxb5 cxb5 42.hxg5 hxg5 43.Ke2 Kd6 44.Kd2 Kc6 45.Kc2 Kb6 46.Kb3 Kc5 
47.e5 Kc6 48.Ka3 1/2-1/2

[Event "XI Weekend A"]
[Site "Ceriano Laghetto ITA"]
[Date "2002.02.03"]
[Round "6"]
[White "Tramalloni, Luca"]
[Black "Barlocco, Carlo"]
[Result "1-0"]
[WhiteElo "2131"]
[BlackElo "2120"]
[PlyCount "67"]
[EventDate "2002.01.26"]

1.d4 d5 2.c4 c6 3.Nf3 Nf6 4.Nc3 dxc4 5.a4 Na6 6.Ne5 Bf5 7.f3 e6 8.e4 Bg6 
9.Bxc4 Bb4 10.O-O Nd7 11.Nxd7 Qxd7 12.Be3 O-O 13.Qb3 Ba5 14.Rfd1 Nb4 15.
Na2 Nxa2 16.Qxa2 Qe7 17.Qb3 Rac8 18.Bd2 Bb6 19.Bb4 c5 20.Ba3 Qc7 21.d5 
exd5 22.Rxd5 Rfd8 23.Rad1 Rxd5 24.Rxd5 Rd8 25.Qd1 Rxd5 26.Qxd5 a6 27.g3 h6
28.b3 Kf8 29.f4 Bh7 30.f5 Bg8 31.Kg2 a5 32.Kh3 Ba7 33.Bc1 Qe7 34.Bf4 1-0

[Event "VIII Torneo Internazionale A"]
[Site "Montecatini Terme ITA"]
[Date "2002.01.26"]
[Round "1"]
[White "Cebalo, Miso"]
[Black "Vismara, Daniele"]
[Result "1/2-1/2"]
[WhiteElo "2492"]
[BlackElo "2343"]
[PlyCount "88"]
[EventDate "2002.01.26"]

1. d4 d5 2. c4 c6 3. Nf3 Nf6 4. Nc3 a6 5. a4 e6 6. Bg5 Nbd7 7. cxd5 exd5 8. e3
Be7 9. Qc2 O-O 10. Bd3 Re8 11. O-O Nf8 12. Rab1 a5 13. h3 Ng6 14. Ne5 Nd7 15.
Bxe7 Qxe7 16. f4 Ndf8 17. Kh1 f6 18. Nf3 Qb4 19. f5 Nh8 20. Rfe1 Nf7 21. e4
dxe4 22. Nxe4 Kh8 23. Nc5 Bd7 24. Nxd7 Nxd7 25. Bc4 Ng5 26. Nd2 Nb6 27. b3 Qd6
28. Qc3 Rxe1+ 29. Rxe1 h6 30. Qe3 Nd5 31. Qf2 Rd8 32. h4 Nf7 33. Ne4 Qb8 34.
Nc5 Nd6 35. Bxd5 cxd5 36. Qf3 Re8 37. Re6 b6 38. Qxd5 Nxf5 39. Qxf5 bxc5 40. d5
Rd8 41. Qe4 Qb4 42. Re8+ Rxe8 43. Qxe8+ Kh7 44. g3 Qxb3 1/2-1/2

[Event "VIII Torneo Internazionale A"]
[Site "Montecatini Terme ITA"]
[Date "2002.01.26"]
[Round "1"]
[White "Isonzo, David"]
[Black "Zaja, Ivan"]
[Result "1/2-1/2"]
[WhiteElo "2364"]
[BlackElo "2453"]
[PlyCount "22"]
[EventDate "2002.01.26"]

1. e4 d6 2. d4 Nf6 3. Nc3 g6 4. Be3 Bg7 5. Qd2 c6 6. Nf3 Qa5 7. Bd3 Bg4 8. e5
dxe5 9. Nxe5 Nbd7 10. Nc4 Qd8 11. O-O O-O 1/2-1/2

[Event "VIII Torneo Internazionale A"]
[Site "Montecatini Terme ITA"]
[Date "2002.01.26"]
[Round "1"]
[White "Vezzosi, Paolo"]
[Black "Martorelli, Antonio"]
[Result "1/2-1/2"]
[WhiteElo "2392"]
[BlackElo "2262"]
[PlyCount "111"]
[EventDate "2002.01.26"]

1. d4 Nf6 2. c4 g6 3. Nc3 Bg7 4. e4 d6 5. Bd3 O-O 6. Nge2 c5 7. d5 a6 8. O-O e6
9. h3 exd5 10. exd5 Nbd7 11. Ng3 Ne5 12. Be2 Ne8 13. f4 Nd7 14. Be3 f5 15. Qd2
Ndf6 16. a3 h5 17. Bf3 Bd7 18. b4 b6 19. Rab1 Bh6 20. Nge2 Ng7 21. Bf2 Ng4 22.
hxg4 hxg4 23. Qd3 gxf3 24. Qxf3 Nh5 25. Rfe1 Rf7 26. bxc5 bxc5 27. Rb7 Rh7 28.
Reb1 Bg7 29. Be1 Nf6 30. Nd1 Bc8 31. R7b3 Ng4 32. Nf2 g5 33. Nh3 gxf4 34. Bc3
Ne5 35. Qxf4 Rh4 36. Qg5 Qxg5 37. Nxg5 Rg4 38. Nh3 Bd7 39. Rb7 Ba4 40. Nef4
Nxc4 41. Rb8+ Rxb8 42. Rxb8+ Kh7 43. Bxg7 Rxg7 44. Ne6 Re7 45. Ra8 a5 46. Kf2
Bb3 47. Rf8 Nd2 48. Nhf4 Ne4+ 49. Kf3 Bxd5 50. Nxd5 Rxe6 51. Rxf5 Kg6 52. g4
Nd2+ 53. Kf2 Re5 54. Nf4+ Kh7 55. Rxe5 dxe5 56. Nd3 1/2-1/2

[Event "VIII Torneo Internazionale A"]
[Site "Montecatini Terme ITA"]
[Date "2002.01.27"]
[Round "2"]
[White "Djuric, Stefan"]
[Black "Janev, Evgeni"]
[Result "0-1"]
[WhiteElo "2487"]
[BlackElo "2498"]
[PlyCount "94"]
[EventDate "2002.01.26"]

1. e4 Nf6 2. e5 Nd5 3. d4 d6 4. Nf3 Nb6 5. g3 Nc6 6. exd6 Qxd6 7. Bg2 Bg4 8.
O-O O-O-O 9. h3 Bh5 10. c3 e5 11. g4 Bg6 12. Na3 Qd7 13. b4 exd4 14. b5 Na5 15.
Ne5 Qd6 16. Nxg6 hxg6 17. c4 d3 18. Bd2 Qxa3 19. Bxa5 d2 20. Bxb6 cxb6 21. Rb1
Bc5 22. Rb3 Qxa2 23. Qf3 Rd7 24. Rd3 Rhd8 25. Rd1 Re7 26. Rxd8+ Kxd8 27. Qd3+
Rd7 28. Bd5 Bb4 29. Kg2 Qb2 30. Qg3 Kc8 31. g5 Qc2 32. Bf3 f5 33. Qh4 Qd3 34.
Qh8+ Kc7 35. Qg8 Qd4 36. Qe8 Re7 37. Qxg6 Qf4 38. Rb1 Bc5 39. h4 Qd4 40. Rf1
Re1 41. Qf7+ Be7 42. Rh1 Qd3 43. Bd1 Kd6 44. Qg6+ Kc5 45. Qxg7 Qe4+ 46. f3 Re2+
47. Bxe2 Qxe2+ 0-1

[Event "VIII Torneo Internazionale A"]
[Site "Montecatini Terme ITA"]
[Date "2002.01.27"]
[Round "2"]
[White "Georgiev, Vladimir"]
[Black "Isonzo, David"]
[Result "1-0"]
[WhiteElo "2560"]
[BlackElo "2364"]
[PlyCount "67"]
[EventDate "2002.01.26"]

1. c4 c5 2. Nc3 Nc6 3. Nf3 e5 4. g3 d6 5. Bg2 g6 6. a3 Bg7 7. O-O Nge7 8. b4
O-O 9. Rb1 Rb8 10. Qa4 Bd7 11. b5 Na5 12. d3 h6 13. Bd2 b6 14. Ne1 f5 15. Nd5
Nxd5 16. Bxd5+ Kh8 17. Ng2 g5 18. f4 Be8 19. e4 gxf4 20. gxf4 fxe4 21. dxe4
exf4 22. Rxf4 Bg6 23. Qc2 Bd4+ 24. Kh1 Qe7 25. Qd3 Bh7 26. Rxf8+ Rxf8 27. Bxh6
Rf2 28. Be3 Bxe3 29. Qxe3 Qf6 30. Rg1 Rf3 31. e5 Rxe3 32. exf6 Re2 33. f7 Rf2
34. Nf4 1-0

[Event "VIII Torneo Internazionale A"]
[Site "Montecatini Terme ITA"]
[Date "2002.01.27"]
[Round "2"]
[White "Martorelli, Antonio"]
[Black "Cebalo, Miso"]
[Result "0-1"]
[WhiteElo "2262"]
[BlackElo "2492"]
[PlyCount "98"]
[EventDate "2002.01.26"]

1. e4 c5 2. Nf3 d6 3. d4 cxd4 4. Nxd4 Nf6 5. Nc3 g6 6. Be3 Bg7 7. f3 O-O 8. Qd2
Nc6 9. O-O-O d5 10. Nxc6 bxc6 11. exd5 cxd5 12. Nxd5 Nxd5 13. Qxd5 Qc7 14. Qc5
Qb7 15. Qa3 Bf5 16. Bd3 Rab8 17. b3 Rfc8 18. Bxf5 gxf5 19. Qa5 Qc6 20. c4 Qe6
21. Rd3 Rxc4+ 22. Kd2 Rcc8 23. Rc1 Rxc1 24. Kxc1 h5 25. Qxa7 Rc8+ 26. Kd1 Qe5
27. f4 Qb2 28. Qd7 Qc2+ 29. Ke1 e6 30. Rd2 Qc1+ 31. Ke2 Bf6 32. Rd1 Rc2+ 33.
Kf3 Qa3 34. Rd2 Qa8+ 35. Kf2 Rxa2 36. b4 Ra1 37. Rc2 Qe4 38. Qc8+ Kh7 39. Qc4
Qa8 40. b5 h4 41. Qc6 Qa5 42. Bd2 Qa4 43. Qc4 Qa8 44. Qc6 Qd8 45. Qb7 Kg6 46.
Qc6 Qd3 47. Bc1 Bd4+ 48. Ke1 Be3 49. Qc8 Rxc1+ 0-1

[Event "VIII Torneo Internazionale A"]
[Site "Montecatini Terme ITA"]
[Date "2002.01.28"]
[Round "3"]
[White "Isonzo, David"]
[Black "Djuric, Stefan"]
[Result "0-1"]
[WhiteElo "2364"]
[BlackElo "2487"]
[PlyCount "58"]
[EventDate "2002.01.26"]

1. e4 c5 2. Nf3 e6 3. d4 cxd4 4. Nxd4 a6 5. Bd3 Qb6 6. Nb3 Qc7 7. O-O Nf6 8.
Nc3 b5 9. a3 Bb7 10. f4 Be7 11. Be3 d6 12. Qf3 Nbd7 13. Qg3 O-O 14. Rae1 Rac8
15. Kh1 Kh8 16. Nd4 Nc5 17. Bg1 g6 18. Nf3 Nh5 19. Qg4 f5 20. exf5 exf5 21.
Bd4+ Kg8 22. Qh3 Nxf4 23. Qh6 Nce6 24. Be3 Nxd3 25. cxd3 Bf6 26. Bf2 Rfe8 27.
Bh4 Bg7 28. Qe3 Qd7 29. Bg3 Nd4 0-1

[Event "VIII Torneo Internazionale A"]
[Site "Montecatini Terme ITA"]
[Date "2002.01.28"]
[Round "3"]
[White "Janev, Evgeni"]
[Black "Sarno, Spartaco"]
[Result "0-1"]
[WhiteElo "2498"]
[BlackElo "2395"]
[PlyCount "82"]
[EventDate "2002.01.26"]

1. e4 d6 2. d4 Nf6 3. Nc3 g6 4. Nf3 Bg7 5. Be2 O-O 6. O-O c6 7. a4 a5 8. h3 Na6
9. Be3 Nb4 10. Qc1 Qc7 11. Rd1 Re8 12. Nd2 Nd7 13. Ncb1 f5 14. c3 Na6 15. exf5
gxf5 16. Nc4 Kh8 17. Nba3 Nf6 18. Bd3 Rg8 19. Qc2 Ne4 20. Bf4 Bf6 21. Kh1 e5
22. dxe5 dxe5 23. Bxe4 fxe4 24. Bg3 Nc5 25. Rd6 Qe7 26. Rxf6 Rxg3 27. fxg3 Qxf6
28. Qe2 Be6 29. Rf1 Qg7 30. Qe3 Nxa4 31. Qxe4 Bd5 32. Qxe5 Qxe5 33. Nxe5 Nxb2
34. c4 Bg8 35. Rb1 Re8 36. Ng4 Re2 37. Nf6 Bf7 38. g4 Bg6 39. Rf1 Re3 40. Rf3
Rxf3 41. gxf3 Bd3 0-1

[Event "VIII Torneo Internazionale A"]
[Site "Montecatini Terme ITA"]
[Date "2002.01.28"]
[Round "3"]
[White "Vezzosi, Paolo"]
[Black "Georgiev, Vladimir"]
[Result "1-0"]
[WhiteElo "2392"]
[BlackElo "2560"]
[PlyCount "159"]
[EventDate "2002.01.26"]

1. c4 c5 2. Nc3 g6 3. g3 Bg7 4. Bg2 Nc6 5. Nf3 e5 6. O-O Nge7 7. Ne1 d6 8. Nc2
Be6 9. Ne3 a6 10. d3 Rb8 11. Ned5 O-O 12. Bg5 f6 13. Bd2 b5 14. b3 Qd7 15.
Nxe7+ Nxe7 16. Nd5 Bxd5 17. cxd5 f5 18. e4 f4 19. h4 h5 20. Kh2 Bh6 21. Bh3 Qa7
22. g4 hxg4 23. Qxg4 Kh7 24. Qe6 Nc8 25. h5 Qg7 26. hxg6+ Qxg6 27. Rg1 Qxe6 28.
Bxe6 Ne7 29. Rg4 Rf6 30. Ba5 Rxe6 31. dxe6 Rc8 32. Bc3 Nc6 33. Rag1 Rf8 34. f3
Rf6 35. Kg2 Rxe6 36. Kf2 b4 37. Bb2 Bf8 38. Rh1+ Rh6 39. Rxh6+ Bxh6 40. Rg1 a5
41. Kg2 Kg6 42. Kh3+ Bg5 43. Kg4 Ne7 44. Ra1 Nc6 45. Rh1 Bf6 46. Rh5 Nd8 47. a3
Nc6 48. Rh1 Kf7 49. axb4 Nxb4 50. Rd1 Ke6 51. Bc3 Nc6 52. Rh1 Kf7 53. Rh7+ Bg7
54. Kf5 Ne7+ 55. Kg5 Nc6 56. Rh1 Bf6+ 57. Kf5 Ne7+ 58. Kg4 Nc6 59. Kh5 Bd8 60.
Rg1 Be7 61. Kh6 Bf8+ 62. Kh7 Be7 63. Rg7+ Ke6 64. Kg6 Bd8 65. Rb7 d5 66. exd5+
Kxd5 67. Kf5 Ne7+ 68. Rxe7 Bxe7 69. Bxe5 a4 70. bxa4 c4 71. dxc4+ Kxc4 72. Ke6
Bd8 73. Bxf4 Kb4 74. Bd6+ Kxa4 75. f4 Kb5 76. f5 Kc6 77. Be7 Ba5 78. f6 Bc3 79.
f7 Bg7 80. Kf5 1-0

[Event "VIII Torneo Internazionale A"]
[Site "Montecatini Terme ITA"]
[Date "2002.01.28"]
[Round "3"]
[White "Vismara, Daniele"]
[Black "Martorelli, Antonio"]
[Result "0-1"]
[WhiteElo "2343"]
[BlackElo "2262"]
[PlyCount "86"]
[EventDate "2002.01.26"]

1. Nf3 Nf6 2. c4 g6 3. d4 Bg7 4. g3 O-O 5. Bg2 d6 6. O-O Nbd7 7. Nc3 e5 8. h3
exd4 9. Nxd4 Re8 10. e4 Nc5 11. Re1 a5 12. a4 c6 13. Bf4 Nfd7 14. Rb1 Ne5 15.
Bf1 Ned3 16. Nxc6 bxc6 17. Bxd3 Bxh3 18. Bc2 Re6 19. Qd2 Rb8 20. f3 Be5 21.
Bxe5 Rxe5 22. Red1 Qb6 23. Qf2 Rg5 24. Kh2 Rh5 25. Rxd6 Qc7 26. Rd2 Bf1+ 27.
Kg1 Bxc4 28. g4 Rg5 29. Qh2 Qb6 30. Kg2 h5 31. Rd4 Be6 32. Qf4 Bxg4 33. Qxg5
Ne6 34. Qe5 Bxf3+ 35. Kxf3 Nxd4+ 36. Kf4 Nxc2 37. Kf3 Rd8 38. Rd1 Qe3+ 39. Kg2
Rxd1 40. Qe8+ Kg7 41. Nxd1 Qe2+ 42. Nf2 Ne3+ 43. Kg3 h4+ 0-1

[Event "VIII Torneo Internazionale A"]
[Site "Montecatini Terme ITA"]
[Date "2002.01.28"]
[Round "4"]
[White "Djuric, Stefan"]
[Black "Vezzosi, Paolo"]
[Result "1/2-1/2"]
[WhiteElo "2487"]
[BlackElo "2392"]
[PlyCount "51"]
[EventDate "2002.01.26"]

1. Nf3 Nf6 2. c4 b6 3. Nc3 Bb7 4. d4 e6 5. a3 d5 6. cxd5 exd5 7. Qa4+ c6 8. Bg5
Be7 9. Bxf6 Bxf6 10. g3 O-O 11. Bg2 Nd7 12. O-O Be7 13. Rfd1 f5 14. e3 Bd6 15.
Rac1 Qe7 16. Ne2 a5 17. h4 b5 18. Qc2 Nb6 19. Nf4 Nc4 20. Nd3 a4 21. Qc3 Rae8
22. Re1 Bc8 23. Nb4 Bd7 24. Nd2 Qf7 25. Nf3 Qf6 26. Nd2 1/2-1/2

[Event "VIII Torneo Internazionale A"]
[Site "Montecatini Terme ITA"]
[Date "2002.01.28"]
[Round "4"]
[White "Georgiev, Vladimir"]
[Black "Cebalo, Miso"]
[Result "1/2-1/2"]
[WhiteElo "2560"]
[BlackElo "2492"]
[PlyCount "149"]
[EventDate "2002.01.26"]

1. d4 Nf6 2. c4 g6 3. Nc3 Bg7 4. e4 d6 5. Bd3 O-O 6. Nge2 c5 7. d5 e6 8. O-O
exd5 9. cxd5 Na6 10. h3 Rb8 11. Bg5 h6 12. Bh4 g5 13. Bg3 Nh5 14. Bh2 Nc7 15.
a4 Be5 16. f4 gxf4 17. Nxf4 Ng7 18. Nh5 Nce8 19. Bxe5 dxe5 20. Nxg7 Nxg7 21.
Bc4 Qg5 22. Qf3 a6 23. Qf6 Bd7 24. Qxg5 hxg5 25. Rf6 b5 26. Bf1 bxa4 27. Rxa6
Rxb2 28. Ra7 Rd8 29. Nxa4 Bxa4 30. R1xa4 Ne8 31. Re7 Rb4 32. Raa7 Nd6 33. Rxe5
Rxe4 34. Rxg5+ Kf8 35. Bd3 Re7 36. Ra6 Re3 37. Bh7 Ke7 38. Kf2 Rb3 39. Re5+ Kf6
40. Re2 c4 41. Be4 Kg7 42. Bf3 Nb5 43. Re4 Nd6 44. Re7 Rb2+ 45. Re2 c3 46. Rc6
Nb5 47. Rc4 Ra8 48. d6 Rxe2+ 49. Kxe2 Ra2+ 50. Ke3 Nxd6 51. Rxc3 Nf5+ 52. Kf4
Nd4 53. g4 Nxf3 54. Kxf3 Kg6 55. h4 Ra4 56. Kg3 f6 57. Rb3 Rc4 58. h5+ Kh6 59.
Rb6 Kg5 60. Rb5+ Kh6 61. Rb7 Rc1 62. Kf4 Rf1+ 63. Ke4 f5+ 64. gxf5 Kxh5 65. Ke5
Kh6 66. Ke6 Ra1 67. Ke7 Ra8 68. Rd7 Kg5 69. f6 Kg6 70. Rb7 Rc8 71. f7 Kg7 72.
Rb4 Rc7+ 73. Ke8 Rc8+ 74. Kd7 Ra8 75. Rf4 1/2-1/2

[Event "VIII Torneo Internazionale A"]
[Site "Montecatini Terme ITA"]
[Date "2002.01.28"]
[Round "4"]
[White "Sarno, Spartaco"]
[Black "Isonzo, David"]
[Result "1/2-1/2"]
[WhiteElo "2395"]
[BlackElo "2364"]
[PlyCount "26"]
[EventDate "2002.01.26"]

1. d4 Nf6 2. c4 e6 3. Nf3 d5 4. Nbd2 dxc4 5. e3 a6 6. a4 c5 7. Bxc4 Nc6 8. O-O
Be7 9. Qe2 cxd4 10. Rd1 e5 11. exd4 exd4 12. Nxd4 Nxd4 13. Qe5 Qd6 1/2-1/2

[Event "VIII Torneo Internazionale A"]
[Site "Montecatini Terme ITA"]
[Date "2002.01.28"]
[Round "4"]
[White "Zaja, Ivan"]
[Black "Vismara, Daniele"]
[Result "1/2-1/2"]
[WhiteElo "2453"]
[BlackElo "2343"]
[PlyCount "107"]
[EventDate "2002.01.26"]

1. d4 d5 2. c4 c6 3. Nf3 Nf6 4. Nc3 e6 5. Bg5 h6 6. Bxf6 Qxf6 7. e3 Nd7 8. a3
g6 9. e4 dxe4 10. Nxe4 Qf4 11. Bd3 Bg7 12. O-O O-O 13. Re1 e5 14. g3 Qg4 15.
Nd6 exd4 16. Re4 Qh5 17. b4 g5 18. g4 Qg6 19. c5 Qf6 20. Qe2 b6 21. Rc1 bxc5
22. Nf5 Nb6 23. Rxc5 Nd5 24. N3xd4 Bxf5 25. Nxf5 Nc3 26. Qf3 Nxe4 27. Bxe4 Rac8
28. Bxc6 Rfd8 29. Kg2 Bf8 30. Rc2 Qa1 31. Ne3 Qe5 32. Bd5 Qf4 33. Rxc8 Rxc8 34.
Qxf4 gxf4 35. Nc4 Rd8 36. Bb7 Rd3 37. f3 Rc3 38. Bd5 Bg7 39. h4 Bd4 40. g5 hxg5
41. hxg5 Kf8 42. Kh3 Be3 43. Kg4 Bc1 44. a4 Rb3 45. b5 Rb4 46. Ne5 Rxa4 47. b6
axb6 48. Nd7+ Kg7 49. Nxb6 Ra5 50. Be4 f6 51. gxf6+ Kxf6 52. Nd5+ Ke5 53. Nb4
Kf6 54. Nd5+ 1/2-1/2

[Event "VIII Torneo Internazionale A"]
[Site "Montecatini Terme ITA"]
[Date "2002.01.29"]
[Round "5"]
[White "Cebalo, Miso"]
[Black "Djuric, Stefan"]
[Result "1-0"]
[WhiteElo "2492"]
[BlackElo "2487"]
[PlyCount "99"]
[EventDate "2002.01.26"]

1. d4 d5 2. c4 c6 3. Nf3 Nf6 4. Nc3 e6 5. Bg5 h6 6. Bxf6 Qxf6 7. e3 Nd7 8. Bd3
dxc4 9. Bxc4 g6 10. O-O Bg7 11. Qc2 O-O 12. Rfe1 Qe7 13. Rad1 Nb6 14. Bb3 c5
15. Ne4 cxd4 16. exd4 Bd7 17. Qc7 Rab8 18. Ne5 Qd8 19. Qc5 Rc8 20. Qa5 Ra8 21.
Nd6 Bc8 22. Qc5 Bf6 23. Ne4 Be7 24. Qc1 Kg7 25. Ng4 g5 26. Ng3 Nd5 27. Bxd5
Qxd5 28. Qc2 f5 29. Ne3 Qd6 30. d5 Qc5 31. Qd3 Bd7 32. Rc1 Qd6 33. Nc4 Qa6 34.
Qd4+ Kh7 35. Nh5 Rg8 36. Ne5 Rad8 37. Rc7 Qa5 38. Rec1 Rc8 39. d6 Rxc7 40. dxc7
Bc8 41. Nd7 Kg6 42. Nhf6 Rg7 43. Ne8 Rg8 44. Ne5+ Kh7 45. Nd6 Qd5 46. Qxd5 exd5
47. Nb5 a6 48. Na7 Kg7 49. g3 Kf6 50. Nxc8 1-0

[Event "VIII Torneo Internazionale A"]
[Site "Montecatini Terme ITA"]
[Date "2002.01.29"]
[Round "5"]
[White "Vezzosi, Paolo"]
[Black "Sarno, Spartaco"]
[Result "0-1"]
[WhiteElo "2392"]
[BlackElo "2395"]
[PlyCount "70"]
[EventDate "2002.01.26"]

1. c4 g6 2. e4 Bg7 3. d4 d6 4. Nc3 Nf6 5. Bd3 O-O 6. Nge2 Nc6 7. f3 Nd7 8. Be3
e5 9. d5 Nd4 10. O-O c5 11. dxc6 bxc6 12. b4 Nb6 13. Rc1 Be6 14. Na4 Nd7 15.
Nec3 f5 16. b5 c5 17. Nd5 f4 18. Bd2 h5 19. Qe1 Nb6 20. Nb2 g5 21. Be2 Rf7 22.
Ba5 Bh6 23. Bd1 g4 24. Rc3 Rg7 25. fxg4 hxg4 26. Ra3 Rb8 27. Qf2 Kh8 28. Be1
Bg5 29. g3 f3 30. Bd2 Nxd5 31. cxd5 Bd7 32. Rxa7 Bxb5 33. Rxg7 Kxg7 34. Re1
Ne2+ 35. Bxe2 Bxd2 0-1

[Event "VIII Torneo Internazionale A"]
[Site "Montecatini Terme ITA"]
[Date "2002.01.29"]
[Round "5"]
[White "Vismara, Daniele"]
[Black "Georgiev, Vladimir"]
[Result "0-1"]
[WhiteElo "2343"]
[BlackElo "2560"]
[PlyCount "130"]
[EventDate "2002.01.26"]

1. Nf3 d6 2. d4 Nf6 3. c4 g6 4. g3 Bg7 5. Bg2 O-O 6. O-O c6 7. Nc3 Qa5 8. e4 e5
9. h3 Nbd7 10. Be3 Nb6 11. dxe5 dxe5 12. Nd2 Be6 13. Nb3 Qb4 14. Bc5 Qxc4 15.
Bxf8 Bxf8 16. Qc2 a5 17. Nd2 Qb4 18. a3 Qe7 19. Ne2 a4 20. Kh2 Qc5 21. Qxc5
Bxc5 22. f3 Nfd7 23. h4 Nc4 24. Nxc4 Bxc4 25. Rfd1 Nb6 26. Bf1 Be3 27. Nc3 Bb3
28. Re1 Bh6 29. Re2 Nc4 30. Rf2 Ne3 31. Be2 Rd8 32. Rb1 Bf8 33. Bf1 Bc5 34. Re2
Nxf1+ 35. Rxf1 Bc4 36. Nxa4 Bxe2 37. Re1 Rd2 38. Nxc5 Bxf3+ 39. Kg1 Rxb2 40.
Nd7 Be2 41. Nxe5 Rd2 42. Kf2 Bb5+ 43. Kf3 f6 44. Ng4 Kf7 45. Re3 h5 46. Nf2 Ke6
47. Nh3 Ba4 48. Nf4+ Ke5 49. Re1 c5 50. Rc1 Kd6 51. Ke3 Ra2 52. Rc3 b5 53. Rd3+
Kc6 54. Nxg6 c4 55. Ne7+ Kc5 56. Rd5+ Kb6 57. Rxh5 Rxa3+ 58. Kf4 Bd1 59. Nd5+
Kc5 60. Rh8 Rf3+ 61. Kg4 Rf1+ 62. Kh3 Bf3 63. Rc8+ Kd4 64. g4 Bxe4 65. Nc7 Ke3
0-1

[Event "VIII Torneo Internazionale A"]
[Site "Montecatini Terme ITA"]
[Date "2002.01.30"]
[Round "6"]
[White "Georgiev, Vladimir"]
[Black "Martorelli, Antonio"]
[Result "1/2-1/2"]
[WhiteElo "2560"]
[BlackElo "2262"]
[PlyCount "23"]
[EventDate "2002.01.26"]

1. d4 d5 2. c4 e6 3. Nc3 Nf6 4. Bg5 Be7 5. Nf3 O-O 6. e3 Nbd7 7. Rc1 c6 8. Bd3
dxc4 9. Bxc4 Nd5 10. Bxe7 Qxe7 11. O-O Nxc3 12. Rxc3 1/2-1/2

[Event "VIII Torneo Internazionale A"]
[Site "Montecatini Terme ITA"]
[Date "2002.01.30"]
[Round "6"]
[White "Janev, Evgeni"]
[Black "Isonzo, David"]
[Result "1-0"]
[WhiteElo "2498"]
[BlackElo "2364"]
[PlyCount "59"]
[EventDate "2002.01.26"]

1. e4 c5 2. Nf3 d6 3. d4 cxd4 4. Qxd4 Nc6 5. Bb5 Bd7 6. Bxc6 Bxc6 7. c4 Nf6 8.
Nc3 g6 9. O-O Bg7 10. Qd3 O-O 11. Nd4 Rc8 12. b3 Nd7 13. Be3 Nc5 14. Qc2 b6 15.
Rac1 Bb7 16. f3 Qd7 17. Rfd1 Ne6 18. a4 f5 19. exf5 Nxd4 20. Bxd4 Bxd4+ 21.
Rxd4 Qxf5 22. Qd2 Qc5 23. Qe3 Rf5 24. b4 Qe5 25. Qd2 Qe6 26. Nd1 Re5 27. Kf2
Rf8 28. Ne3 Rh5 29. Ng4 Rg5 30. Qxg5 1-0

[Event "VIII Torneo Internazionale A"]
[Site "Montecatini Terme ITA"]
[Date "2002.01.30"]
[Round "6"]
[White "Sarno, Spartaco"]
[Black "Cebalo, Miso"]
[Result "0-1"]
[WhiteElo "2395"]
[BlackElo "2492"]
[PlyCount "64"]
[EventDate "2002.01.26"]

1. d4 Nf6 2. c4 e6 3. Nc3 c5 4. d5 exd5 5. cxd5 d6 6. e4 g6 7. f3 Bg7 8. Be3
O-O 9. Qd2 a6 10. a4 Re8 11. Nge2 Nbd7 12. Nc1 Rb8 13. Be2 Ne5 14. O-O Bd7 15.
N1a2 b5 16. b4 cxb4 17. Nxb4 Nc4 18. Bxc4 bxc4 19. Rab1 Qa5 20. Nc6 Bxc6 21.
dxc6 Rbc8 22. Rb6 Nxe4 23. fxe4 Bxc3 24. Qf2 f5 25. exf5 Qxf5 26. Rxa6 Qxf2+
27. Kxf2 Re6 28. Bh6 Rf6+ 29. Ke2 Re8+ 30. Be3 Rfe6 31. Rf3 Bd4 32. c7 Bxe3 0-1

[Event "VIII Torneo Internazionale A"]
[Site "Montecatini Terme ITA"]
[Date "2002.01.30"]
[Round "6"]
[White "Scalcione, Michelangelo"]
[Black "Vezzosi, Paolo"]
[Result "1-0"]
[WhiteElo "2329"]
[BlackElo "2392"]
[PlyCount "45"]
[EventDate "2002.01.26"]

1. Nf3 d5 2. d4 c6 3. c4 Nf6 4. Nc3 a6 5. c5 g6 6. Bf4 Bg7 7. e3 Nbd7 8. Be2
Nh5 9. O-O Nxf4 10. exf4 O-O 11. Re1 Rb8 12. Bd3 e6 13. Rc1 Qf6 14. g3 b6 15.
b4 a5 16. b5 bxc5 17. bxc6 Nb6 18. dxc5 Na8 19. Ne5 Qe7 20. Nxd5 Qa7 21. c7
exd5 22. cxb8=Q Qxb8 23. Nc6 1-0

[Event "VIII Torneo Internazionale A"]
[Site "Montecatini Terme ITA"]
[Date "2002.01.31"]
[Round "7"]
[White "Cebalo, Miso"]
[Black "Scalcione, Michelangelo"]
[Result "1-0"]
[WhiteElo "2492"]
[BlackElo "2329"]
[PlyCount "81"]
[EventDate "2002.01.26"]

1. d4 d6 2. e4 e5 3. Nf3 exd4 4. Nxd4 Nf6 5. Nc3 Be7 6. g3 Bg4 7. f3 Bd7 8. Bg2
Nc6 9. Be3 O-O 10. O-O Re8 11. Qd2 Nxd4 12. Bxd4 Bc6 13. Rad1 Nd7 14. b3 Bf6
15. Bf2 g6 16. Rfe1 Bg7 17. f4 Nf6 18. h3 Qd7 19. Qd3 Rad8 20. a4 a6 21. a5 Qc8
22. Kh2 Rd7 23. Re2 Rde7 24. Rde1 Rd7 25. Nd5 Bxd5 26. exd5 Rdd8 27. c4 Rxe2
28. Rxe2 Re8 29. b4 Qd7 30. Rxe8+ Qxe8 31. c5 Qa4 32. Be1 Nd7 33. c6 bxc6 34.
dxc6 Nb8 35. Qc4 Qd1 36. Bf2 h5 37. h4 Bf6 38. b5 axb5 39. Qxb5 Qd2 40. Qxb8+
Kg7 41. Qa7 1-0

[Event "VIII Torneo Internazionale A"]
[Site "Montecatini Terme ITA"]
[Date "2002.01.31"]
[Round "7"]
[White "Martorelli, Antonio"]
[Black "Djuric, Stefan"]
[Result "0-1"]
[WhiteElo "2262"]
[BlackElo "2487"]
[PlyCount "100"]
[EventDate "2002.01.26"]

1. e4 c5 2. Nf3 Nc6 3. d4 cxd4 4. Nxd4 e6 5. Nb5 d6 6. Bf4 e5 7. Be3 a6 8. N5c3
Nf6 9. Bg5 Be7 10. Bxf6 Bxf6 11. Bc4 O-O 12. O-O Rb8 13. a4 Kh8 14. Nd2 Bg5 15.
Nd5 f5 16. exf5 Bxf5 17. Re1 Nd4 18. Ne4 Bh4 19. Ra3 Rc8 20. Bd3 Bxe4 21. Rxe4
Bxf2+ 22. Kh1 Nf5 23. a5 Rc5 24. c4 Rxa5 25. Rb3 Qg5 26. Bf1 Bd4 27. Rg4 Qh6
28. Rh3 Qe6 29. Qe1 Qf7 30. Bd3 Ra2 31. Bxf5 Qxf5 32. Rf3 Qc8 33. Ne7 Qd8 34.
Qb1 Qxe7 35. Qxa2 Rxf3 36. gxf3 Qf7 37. Kg2 h5 38. Rg3 Qf4 39. Qb1 h4 40. Rg4
h3+ 41. Kxh3 Qxf3+ 42. Rg3 Qh5+ 43. Kg2 Qe2+ 44. Kh3 e4 45. b4 Be5 46. Rb3 Qh5+
47. Kg2 Qxh2+ 48. Kf1 Bd4 49. Qe1 e3 50. Rb2 e2+ 0-1

[Event "VIII Torneo Internazionale A"]
[Site "Montecatini Terme ITA"]
[Date "2002.01.31"]
[Round "7"]
[White "Vezzosi, Paolo"]
[Black "Janev, Evgeni"]
[Result "0-1"]
[WhiteElo "2392"]
[BlackElo "2498"]
[PlyCount "86"]
[EventDate "2002.01.26"]

1. c4 e5 2. g3 Nf6 3. Bg2 Nc6 4. Nc3 g6 5. Rb1 Bg7 6. b4 a6 7. Nf3 d6 8. O-O
O-O 9. d3 h6 10. a4 Be6 11. b5 axb5 12. axb5 Ne7 13. Qb3 Nd7 14. Be3 f5 15. Nd2
Rb8 16. Nd5 g5 17. Rfc1 Kh8 18. b6 c5 19. Nc7 Bg8 20. Bd5 Rf6 21. Qb5 h5 22.
Nb3 g4 23. Na5 Nxd5 24. cxd5 h4 25. Rc4 Bh6 26. Bc1 Qe7 27. Qb2 Qh7 28. e3 Bg5
29. Rc2 Rh6 30. Nc4 Qe7 31. Re2 Rf8 32. Ra1 Nf6 33. e4 Nh7 34. Ne3 hxg3 35.
fxg3 fxe4 36. dxe4 Bxe3+ 37. Bxe3 Rhf6 38. Rg2 Rf3 39. Qe2 Qf6 40. Nb5 Qg6 41.
Bd2 Rb3 42. Re1 Rff3 43. Bc1 Qf6 0-1

[Event "VIII Torneo Internazionale A"]
[Site "Montecatini Terme ITA"]
[Date "2002.01.31"]
[Round "7"]
[White "Zaja, Ivan"]
[Black "Georgiev, Vladimir"]
[Result "1/2-1/2"]
[WhiteElo "2453"]
[BlackElo "2560"]
[PlyCount "20"]
[EventDate "2002.01.26"]

1. d4 d5 2. c4 c6 3. Nf3 Nf6 4. Nc3 a6 5. c5 Nbd7 6. Bf4 Nh5 7. Bd2 Nhf6 8. Bf4
Nh5 9. e3 g6 10. Bd3 Bg7 1/2-1/2